| 000 | 00328nam a2200121Ia 4500 | ||
|---|---|---|---|
| 008 | 210430s9999 xx 000 0 und d | ||
| 020 | _a9698893-01-6 | ||
| 082 | _aM2141W 595.726 | ||
| 100 |
_aSyed Khalid Mahmood _91581 |
||
| 245 |
_aWorld Cup 2013 - Top of The Charts _cSyed Khalid Mahmood |
||
| 300 | _a186 | ||
| 942 |
_cBK _2ddc |
||
| 999 |
_c565343 _d565343 |
||